[Event "COL-chD"]
[Site "Bogota"]
[Date "2019.09.01"]
[Round "7"]
[White "Celis Alzate, Cesar Augusto"]
[Black "Azza, Johan Sebastian"]
[Result "0-1"]
[WhiteElo "1572"]
[BlackElo "1314"]
[PlyCount "62"]
[EventDate "2019.08.28"]
[EventType "swiss"]
[EventRounds "7"]
[EventCountry "COL"]
[SourceTitle "EXT 2020"]
[Source "ChessBase"]
[SourceDate "2019.10.17"]
[SourceVersion "1"]
[SourceVersionDate "2019.10.17"]
[SourceQuality "1"]

1. d4 d5 2. c4 c6 3. Nc3 Nf6 4. Bf4 Bf5 5. e3 e6 6. Nf3 Bb4 7. Bd3 Bxd3 8. Qxd3 Bd6 9. Bxd6 Qxd6 10. 0-0 0-0 11. Ne2 Nbd7 12. c5 Qc7 13. Ng3 h6 14. b4 a5 15. a3 axb4 16. axb4 Rfb8 17. Nd2 Qc8 18. f4 Rxa1 19. Rxa1 Ra8 20. Rf1 Ra4 21. Qb1 Qa8 22. Nf3 Qa6 23. f5 exf5 24. Nxf5 Qc4 25. Nd6 Qxb4 26. Qf5 Qc3 27. Qf4 Ra1 28. Ne5 Rxf1+ 29. Kxf1 Qc1+ 30. Kf2 Qd2+ 31. Kg3 Nh5+ 0-1

[Event "COL-chD"]
[Site "Bogota"]
[Date "2019.08.31"]
[Round "5"]
[White "Gutierrez, Ermides Anibal"]
[Black "Celis Alzate, Cesar Augusto"]
[Result "0-1"]
[WhiteElo "1735"]
[BlackElo "1572"]
[PlyCount "62"]
[EventDate "2019.08.28"]
[EventType "swiss"]
[EventRounds "7"]
[EventCountry "COL"]
[SourceTitle "EXT 2020"]
[Source "ChessBase"]
[SourceDate "2019.10.17"]
[SourceVersion "1"]
[SourceVersionDate "2019.10.17"]
[SourceQuality "1"]

1. e4 c5 2. Nf3 Nc6 3. d4 cxd4 4. Nxd4 g6 5. Nc3 Bg7 6. Be3 Nf6 7. Bc4 0-0 8. Qd2 Ne5 9. Bb3 a6 10. f3 b5 11. 0-0-0 Nc4 12. Bxc4 bxc4 13. Nc6 Qe8 14. Na5 d6 15. Nxc4 Be6 16. Na5 Qd8 17. Nd5 Rc8 18. Kb1 Nxd5 19. exd5 Bf5 20. Rc1 Rb8 21. b3 Qc7 22. Nc6 Rb7 23. Nd4 Bd7 24. Rhd1 a5 25. Nc6 Bxc6 26. dxc6 Qxc6 27. Qxa5 Bc3 28. Qd5 Qa6 29. Qd3 Qa5 30. a4 Ra8 31. Ka2 Qxa4+ 0-1